书目信息 |
| 题名: |
昆虫展望
|
|
| 作者: | Atkins , 艾特金斯 著 ;路进生 译 | |
| 分册: | ||
| 出版信息: | 北京 科学出版社 1984 |
|
| 页数: | 399页 | |
| 开本: | 26cm | |
| 丛书名: | ||
| 单 册: | ||
| 中图分类: | Q96 | |
| 科图分类: | ||
| 主题词: | 昆虫学 | |
| 电子资源: | ||
| ISBN: | ||
| 000 | 00746nam0 2200265 45 | |
| 001 | 0184000515 | |
| 005 | 20061122152341.67 | |
| 010 | @dCNY6.20 | |
| 091 | @aCN@b13031.2756 | |
| 100 | @a19960411d1984 em y0chiy0121 ea | |
| 101 | 1 | @achi@ceng |
| 102 | @aCN@b110000 | |
| 105 | @ay z 000yy | |
| 200 | 10 | @a昆虫展望@Akun chong zhan wang@f(美)艾特金斯(M.D.Atkins)著@g路进生译 |
| 210 | @a北京@c科学出版社@d1984 | |
| 215 | @a399页@d26cm | |
| 300 | @a书名原文:Insects in perspective | |
| 510 | 1 | @aInsects in perspective@zeng |
| 606 | @a昆虫学 | |
| 690 | @aQ96@v3 | |
| 701 | A1 | @aAtkins@bM.D.@4著 |
| 701 | 1 | @a艾特金斯@Aai te jin si@bM.D.@4著 |
| 702 | 0 | @a路进生@Alu jin sheng@4译 |
| 801 | 0 | @aCN@bTSSF@c20061122 |
| 905 | @a10447@dQ96@e2 | |
| 昆虫展望/(美)艾特金斯(M.D.Atkins)著/路进生译.-北京:科学出版社,1984 |
| 399页;26cm |
| 书名原文:Insects in perspective |
| ISBN :CNY6.20 |
| ● |
| 相关链接 |
|
|
|
|
正题名:昆虫展望
索取号:Q96/2
 
预约/预借
| 序号 | 登录号 | 条形码 | 馆藏地/架位号 | 状态 | 备注 |
| 1 | 0127139 | 202450132 | 第二样本阅览室/ [索取号:Q96/2] | 在馆 |